[Event "DEM U10/U10w 2010"]
[Site "Oberhof GER"]
[Date "2010.05.24"]
[Round "4"]
[White "Höglauer, Patrick"]
[Black "Pallas, Sebastian"]
[Result "1-0"]
[Termination "normal"]
[Board "7"]
[WhiteElo "1768"]
[BlackElo "1560"]
[PlyCount "127"]
[WhiteFideId "1270548"]
[BlackFideId "12905453"]
[EventCountry "GER"]
[EventRounds "11"]
[EventType "swiss"]
[EventDate "2010.05.22"]

1. d4 d5 2. c4 c6 3. Nc3 Nf6 4. Nf3 e6 5. Bg5 dxc4 6. a4 c5 7. e3 cxd4 8. Nxd4
Bb4 9. Qc2 Nbd7 10. Bxc4 O-O 11. Bxe6 fxe6 12. Nxe6 Qa5 13. Nxf8 Bxc3+ 14. Qxc3
Qxg5 15. Nxd7 Bxd7 16. Qb3+ Qd5 17. Qxd5+ Nxd5 18. O-O-O Nf6 19. f3 Bxa4 20.
Rd4 Rc8+ 21. Kb1 Bc2+ 22. Ka2 Rc6 23. b3 Rb6 24. b4 Rb5 25. Rc1 Nd5 26. Rxd5
Rxd5 27. Rxc2 Rd7 28. e4 a6 29. Kb3 Kf7 30. g3 Ke6 31. Rc3 Kf6 32. Kc2 Rd4 33.
Kb3 Rd7 34. Kc4 Ke7 35. Rd3 b5+ 36. Kc3 Rc7+ 37. Kd2 Rc4 38. Rb3 Kd7 39. h4 Ke7
40. Kd3 Kf7 41. f4 Ke7 42. Ke3 h5 43. f5 Rc1 44. Kf4 Rc4 45. Ke5 Kf7 46. Kd5
Ke7 47. Ra3 Rxb4 48. Rxa6 Rb3 49. Rg6 Kf7 50. e5 Rb1 51. Rb6 b4 52. Kc4 Rf1 53.
Rxb4 Rxf5 54. Kd5 Rf1 55. Rf4+ Rxf4 56. gxf4 Ke7 57. e6 Ke8 58. Kd6 Kd8 59. f5
Ke8 60. e7 g5 61. hxg5 h4 62. g6 h3 63. f6 h2 64. f7# 1-0

[Event "DEM U10/U10w 2010"]
[Site "Oberhof GER"]
[Date "2010.05.24"]
[Round "4"]
[White "Lagunow, Raphael"]
[Black "Nothnagel, Marian Can"]
[Result "1-0"]
[Termination "normal"]
[Board "8"]
[WhiteElo "1623"]
[BlackElo "1211"]
[PlyCount "149"]
[WhiteFideId "24652644"]
[BlackFideId "12921530"]
[EventCountry "GER"]
[EventRounds "11"]
[EventType "swiss"]
[EventDate "2010.05.22"]

1. e4 e5 2. Nf3 Nc6 3. Bb5 a6 4. Ba4 Nf6 5. d3 b5 6. Bb3 Bc5 7. c3 d6 8. O-O
Bg4 9. Re1 O-O 10. Nbd2 b4 11. Nf1 bxc3 12. bxc3 d5 13. h3 dxe4 14. hxg4 exf3
15. Qxf3 e4 16. dxe4 Ne5 17. Qg3 Nd3 18. Rd1 Bxf2+ 19. Qxf2 Nxf2 20. Rxd8 Rfxd8
21. Kxf2 Nxe4+ 22. Kg1 Nxc3 23. Bb2 Ne2+ 24. Kf2 Nf4 25. Bc3 Nd5 26. Bd4 a5 27.
Kf3 a4 28. Bc4 Nb6 29. Bxb6 cxb6 30. Ne3 Ra5 31. Rb1 Rb8 32. Nf5 Rc5 33. Nd6
Rc7 34. Bb5 Rc2 35. Bxa4 Rxa2 36. Bb3 Ra7 37. Ke4 Re7+ 38. Kf3 g6 39. g5 b5 40.
Ne4 Re5 41. g4 Kg7 42. Rd1 Rbe8 43. Bc2 b4 44. Kf4 b3 45. Bb1 Rb5 46. Nf6 Ree5
47. Ne4 b2 48. Rd7 Rbd5 49. Rc7 Kf8 50. Nf6 Rd1 51. Rc8+ Ke7 52. Re8+ Kd6 53.
Rd8+ Kc7 54. Rxd1 Re2 55. Ne4 Rh2 56. Kg3 Re2 57. Kf3 Rh2 58. Nf2 h5 59. Kg3
Rxf2 60. Kxf2 hxg4 61. Kg3 Kc6 62. Kxg4 Kc5 63. Rd2 Kc4 64. Rxb2 Kc3 65. Rb7
Kd2 66. Rxf7 Kc1 67. Bxg6 Kd2 68. Bf5 Ke3 69. g6 Kd4 70. g7 Ke5 71. g8=Q Kd6
72. Qd8+ Kc6 73. Rc7+ Kb6 74. Qb8+ Ka6 75. Ra7# 1-0

[Event "DEM U10/U10w 2010"]
[Site "Oberhof GER"]
[Date "2010.05.24"]
[Round "4"]
[White "Petersen, Marcel"]
[Black "Peter, Anton"]
[Result "0-1"]
[Termination "normal"]
[Board "9"]
[WhiteElo "1292"]
[BlackElo "1499"]
[PlyCount "150"]
[WhiteFideId "12935670"]
[BlackFideId "12901660"]
[EventCountry "GER"]
[EventRounds "11"]
[EventType "swiss"]
[EventDate "2010.05.22"]

1. e4 e5 2. Nf3 d6 3. d4 exd4 4. Nxd4 Nf6 5. Nc3 Be7 6. Bf4 c6 7. Qd2 b5 8.
O-O-O b4 9. Nce2 c5 10. Nf3 Nxe4 11. Qe3 Bb7 12. Nd2 Nf6 13. Nc4 d5 14. Nd6+
Kf8 15. Nxb7 Qb6 16. Bg5 Qxb7 17. Re1 Nbd7 18. Nf4 Re8 19. h4 a5 20. h5 h6 21.
Bxf6 Nxf6 22. g3 c4 23. Bg2 Qd7 24. Rd1 Bd6 25. Qb6 Bxf4+ 26. gxf4 Qg4 27. Bxd5
Qxf4+ 28. Kb1 Nxd5 29. Rxd5 Qe4 30. Rdd1 Qe5 31. Qa7 Kg8 32. Qa6 c3 33. b3 Kh7
34. Qa7 Re7 35. Qa6 Rhe8 36. Qf1 Qf5 37. Qg2 Re2 38. Rc1 Rxf2 39. Qg3 Ree2 40.
Rhg1 Qf6 41. Qd3+ Qf5 42. Qg3 g6 43. hxg6+ fxg6 44. Qc7+ Kg8 45. Qd8+ Kf7 46.
Qc7+ Kf6 47. Qd6+ Qe6 48. Qf8+ Ke5 49. Qc5+ Qd5 50. Qe7+ Qe6 51. Qxe6+ Kxe6 52.
Rxg6+ Rf6 53. Rg8 Kf7 54. Ra8 Rf5 55. Ra7+ Kg6 56. Ra6+ Kg7 57. Rg1+ Rg5 58.
Ra7+ Kf6 59. Ra6+ Re6 60. Rf1+ Rf5 61. Rxe6+ Kxe6 62. Re1+ Kf6 63. Kc1 Rf2 64.
Kd1 h5 65. Rh1 Kg5 66. Rg1+ Kh4 67. Rh1+ Kg4 68. Kc1 h4 69. Kd1 h3 70. Rg1+ Rg2
71. Rh1 h2 72. Re1 Rg1 73. Ke2 Rxe1+ 74. Kxe1 Kf3 75. Kd1 h1=Q# 0-1

[Event "DEM U10/U10w 2010"]
[Site "Oberhof GER"]
[Date "2010.05.24"]
[Round "4"]
[White "Kololli, Martin"]
[Black "Mätzkow, Maximilian Paul"]
[Result "1-0"]
[Termination "normal"]
[Board "10"]
[WhiteElo "1251"]
[BlackElo "1470"]
[PlyCount "25"]
[WhiteFideId "12936910"]
[BlackFideId "24679933"]
[EventCountry "GER"]
[EventRounds "11"]
[EventType "swiss"]
[EventDate "2010.05.22"]

1. e4 c5 2. c3 d5 3. exd5 Qxd5 4. d4 cxd4 5. cxd4 Nc6 6. Nf3 Bg4 7. Be2 Bxf3 8.
Bxf3 Qxd4 9. Bxc6+ bxc6 10. Qxd4 Nf6 11. Nc3 e6 12. Bf4 Be7 13. O-O 1-0

[Event "DEM U10/U10w 2010"]
[Site "Oberhof GER"]
[Date "2010.05.24"]
[Round "4"]
[White "Diener, Carolin"]
[Black "Sieber, Fiona"]
[Result "0-1"]
[Termination "normal"]
[Board "12"]
[WhiteElo "1208"]
[BlackElo "1605"]
[PlyCount "84"]
[WhiteFideId "24699063"]
[BlackFideId "12902373"]
[EventCountry "GER"]
[EventRounds "11"]
[EventType "swiss"]
[EventDate "2010.05.22"]

1. e4 c5 2. Nc3 Nc6 3. Bb5 Nd4 4. Bc4 e6 5. Nge2 g6 6. d3 Bg7 7. Be3 Ne7 8. Qd2
Nec6 9. O-O O-O 10. Bh6 Bxh6 11. Qxh6 Nxc2 12. Rac1 N6d4 13. Kh1 Re8 14. Nxd4
Nxd4 15. Nb5 d5 16. Nxd4 cxd4 17. exd5 exd5 18. Bb3 Bf5 19. Rfd1 Re2 20. Qf4
Qe7 21. Qxd4 Re8 22. h3 Qd6 23. Qxd5 Qxd5 24. Bxd5 Rxb2 25. Rc7 Be6 26. Rxb7
Rxb7 27. Bxb7 Bxa2 28. Ra1 Re2 29. f3 Rb2 30. Bc6 Rb1+ 31. Rxb1 Bxb1 32. d4 Kf8
33. d5 Ke7 34. Kh2 Kd6 35. Be8 f6 36. Bf7 g5 37. Bg8 h6 38. Kg3 Ba2 39. Kg4
Bxd5 40. Bh7 Bf7 41. Bc2 Ke5 42. g3 h5# 0-1

[Event "DEM U10/U10w 2010"]
[Site "Oberhof GER"]
[Date "2010.05.24"]
[Round "4"]
[White "Krüger, David"]
[Black "Tong, Kevin"]
[Result "1-0"]
[Termination "normal"]
[Board "13"]
[WhiteElo "1394"]
[BlackElo "1117"]
[PlyCount "119"]
[WhiteFideId "12921858"]
[BlackFideId "12913944"]
[EventCountry "GER"]
[EventRounds "11"]
[EventType "swiss"]
[EventDate "2010.05.22"]

1. d4 e6 2. c4 Bb4+ 3. Bd2 Qe7 4. Nf3 f5 5. e3 b6 6. Ne5 Nf6 7. Be2 O-O 8. Bf3
Ne4 9. Bxe4 fxe4 10. h3 Bb7 11. O-O Bxd2 12. Nxd2 d5 13. Qb3 Kh8 14. c5 Nc6 15.
Nxc6 Bxc6 16. cxb6 cxb6 17. Rac1 Bb7 18. a3 Rac8 19. Qd1 Ba6 20. Rxc8 Rxc8 21.
Re1 Qc7 22. Qa4 Bd3 23. Nb3 Qb7 24. Rc1 Rf8 25. Rd1 Qf7 26. Rd2 g5 27. Qb4 h5
28. Qd6 g4 29. Qe5+ Kh7 30. hxg4 hxg4 31. Qg5 Qg6 32. Qh4+ Kg8 33. Qg3 Qg7 34.
Nc1 Bc4 35. b3 Ba6 36. Rc2 Rf7 37. Qd6 Qg6 38. Ne2 Bxe2 39. Rxe2 Qf6 40. Rc2
Rf8 41. Qg3 Qg6 42. Rc7 a6 43. Rc6 b5 44. Rxa6 b4 45. axb4 Rc8 46. Ra1 Rc3 47.
Qe5 Kh7 48. Ra7+ Kh6 49. Qh8+ Kg5 50. Rg7 Rc1+ 51. Kh2 Rc2 52. Kg3 Rc3 53.
Rxg6+ Kxg6 54. Kxg4 Rxb3 55. b5 Rb2 56. Qf8 Kh7 57. Kg5 Rxb5 58. Qf7+ Kh8 59.
Kg6 Rb7 60. Qf8# 1-0

[Event "DEM U10/U10w 2010"]
[Site "Oberhof GER"]
[Date "2010.05.24"]
[Round "4"]
[White "Siegl, Adrian"]
[Black "Bergauz, Noam"]
[Result "1/2-1/2"]
[Termination "normal"]
[Board "14"]
[WhiteElo "1198"]
[BlackElo "1393"]
[PlyCount "40"]
[WhiteFideId "12930156"]
[BlackFideId "12938033"]
[EventCountry "GER"]
[EventRounds "11"]
[EventType "swiss"]
[EventDate "2010.05.22"]

1. e4 c6 2. d4 d5 3. e5 Bf5 4. g4 Be4 5. f3 Bg6 6. h4 h5 7. Bd3 Bxd3 8. Qxd3 e6
9. g5 Qa5+ 10. Bd2 Qa6 11. Qxa6 Nxa6 12. Ne2 Ne7 13. Nbc3 Nf5 14. a3 c5 15. Nb5
cxd4 16. Nbxd4 Nxd4 17. Nxd4 Nc7 18. f4 a6 19. O-O-O Rc8 20. Be3 Bc5 1/2-1/2

[Event "DEM U10/U10w 2010"]
[Site "Oberhof GER"]
[Date "2010.05.24"]
[Round "4"]
[White "Poghosyan, Tigran"]
[Black "Boehling, Richard"]
[Result "0-1"]
[Termination "normal"]
[Board "15"]
[WhiteElo "1387"]
[BlackElo "1108"]
[PlyCount "22"]
[WhiteFideId "12909319"]
[BlackFideId "12946176"]
[EventCountry "GER"]
[EventRounds "11"]
[EventType "swiss"]
[EventDate "2010.05.22"]

1. e4 e5 2. Bc4 Bc5 3. Nf3 Nc6 4. O-O Nf6 5. Nc3 d6 6. d3 Bg4 7. Bg5 Nd4 8.
Bxf6 Qxf6 9. Nd5 Qg6 10. Nh4 Qg5 11. Qe1 Qxh4 0-1

[Event "DEM U10/U10w 2010"]
[Site "Oberhof GER"]
[Date "2010.05.24"]
[Round "4"]
[White "Martin, Julian"]
[Black "Kololli, Kevin"]
[Result "0-1"]
[Termination "normal"]
[Board "16"]
[WhiteElo "1126"]
[BlackElo "1323"]
[PlyCount "96"]
[WhiteFideId "12941000"]
[BlackFideId "12936863"]
[EventCountry "GER"]
[EventRounds "11"]
[EventType "swiss"]
[EventDate "2010.05.22"]

1. e4 c6 2. c4 d6 3. Nc3 Nf6 4. Nf3 g6 5. d4 Bg7 6. Bf4 Bg4 7. h3 Bxf3 8. Qxf3
Nbd7 9. Bd3 c5 10. d5 O-O 11. O-O Nh5 12. Bh2 Ne5 13. Bxe5 Bxe5 14. Rfe1 Nf4
15. Bc2 a6 16. a4 b6 17. Re3 Qd7 18. Qg4 Qxg4 19. hxg4 Bd4 20. Rf3 g5 21. Kf1
e6 22. g3 Ng6 23. Rb1 Ne5 24. Rf6 Kg7 25. dxe6 Kxf6 26. Nd5+ Kxe6 27. Nc7+ Kd7
28. Nxa8 Rxa8 29. b4 Nxc4 30. Rd1 Ne5 31. Rb1 Kc6 32. Bb3 c4 33. Rc1 b5 34. Kg2
Bxf2 35. Rc2 Bd4 36. Kh3 Kb6 37. a5+ Kb7 38. Ba2 Rc8 39. Rd2 c3 40. Bd5+ Kb8
41. Rc2 Nd3 42. Bxf7 Nxb4 43. Rc1 Be3 44. Be6 Bxc1 45. Bxc8 Bd2 46. e5 c2 47.
exd6 c1=Q 48. d7 Qh1# 0-1

[Event "DEM U10/U10w 2010"]
[Site "Oberhof GER"]
[Date "2010.05.24"]
[Round "4"]
[White "Kreyssig, Bruno"]
[Black "Tsoumanis, Neoptolemos"]
[Result "1-0"]
[Termination "normal"]
[Board "17"]
[WhiteElo "1319"]
[BlackElo "1105"]
[PlyCount "45"]
[WhiteFideId "4692489"]
[EventCountry "GER"]
[EventRounds "11"]
[EventType "swiss"]
[EventDate "2010.05.22"]

1. e4 d5 2. exd5 Qxd5 3. Nc3 Qa5 4. d4 Nf6 5. Nf3 Bg4 6. Be2 e6 7. O-O Bb4 8.
Bd2 Nbd7 9. h3 Bh5 10. Bd3 O-O-O 11. a3 Bxc3 12. Bxc3 Qd5 13. Be2 g5 14. Ne5
Nxe5 15. dxe5 Bxe2 16. Qxe2 h5 17. exf6 Rdg8 18. g3 Qf5 19. Kh2 Re8 20. Qd3 Qc5
21. Qd4 Qf5 22. Qxa7 e5 23. Rad1 1-0

[Event "DEM U10/U10w 2010"]
[Site "Oberhof GER"]
[Date "2010.05.24"]
[Round "4"]
[White "Rößler, Linus Benedict"]
[Black "Fieberg, Samuel"]
[Result "0-1"]
[Termination "normal"]
[Board "18"]
[WhiteElo "1105"]
[BlackElo "1305"]
[PlyCount "128"]
[WhiteFideId "12921076"]
[BlackFideId "12901717"]
[EventCountry "GER"]
[EventRounds "11"]
[EventType "swiss"]
[EventDate "2010.05.22"]

1. e4 e5 2. Nf3 Nc6 3. Bc4 Bc5 4. c3 Nf6 5. d3 d6 6. O-O O-O 7. Nbd2 Bg4 8. h3
Bh5 9. Re1 Bb6 10. Bb3 Qd7 11. Nf1 h6 12. Ng3 Bg6 13. d4 Rfe8 14. Ba4 exd4 15.
cxd4 Nxe4 16. Nxe4 Bxe4 17. Be3 d5 18. Ne5 Qd6 19. Rc1 Nxe5 20. Bxe8 Nd3 21.
Ba4 Nxc1 22. Qxc1 Qg6 23. g3 Qh5 24. Kh2 Bf5 25. h4 Qg4 26. Rh1 Be4 27. Bd1 Qd7
28. Rg1 c6 29. Bc2 Bxc2 30. Qxc2 Re8 31. Rd1 Qg4 32. Rd2 Bc7 33. Rd3 Qxh4+ 34.
Kg2 Qe4+ 35. Kg1 Qg4 36. Rb3 Bxg3 37. fxg3 Qxg3+ 38. Qg2 Qe1+ 39. Qf1 Rxe3 40.
Qxe1 Rxe1+ 41. Kf2 Re7 42. Ra3 b6 43. Rc3 Rc7 44. b4 b5 45. Kf3 f6 46. Kf4 Kf7
47. Kf5 g6+ 48. Kf4 g5+ 49. Kg4 Kg6 50. Rf3 h5+ 51. Kg3 f5 52. Kh2 f4 53. Kg1
Kf5 54. Rh3 h4 55. Kg2 Re7 56. Kf2 Re3 57. Rxe3 fxe3+ 58. Kxe3 g4 59. a3 a6 60.
Kf2 Kf4 61. Kf1 Kf3 62. Kg1 h3 63. Kf1 h2 64. Ke1 h1=Q+ 0-1

[Event "DEM U10/U10w 2010"]
[Site "Oberhof GER"]
[Date "2010.05.24"]
[Round "4"]
[White "Baberz, Alexander"]
[Black "Niermann, Tristan"]
[Result "1-0"]
[Termination "normal"]
[Board "21"]
[WhiteElo "1567"]
[BlackElo "1199"]
[PlyCount "101"]
[WhiteFideId "12921734"]
[BlackFideId "12990698"]
[EventCountry "GER"]
[EventRounds "11"]
[EventType "swiss"]
[EventDate "2010.05.22"]

1. d4 d5 2. c4 c6 3. e3 Nf6 4. Qc2 g6 5. Nf3 Bf5 6. Bd3 Bxd3 7. Qxd3 Bg7 8.
Nbd2 Nbd7 9. O-O O-O 10. b3 Re8 11. Bb2 e6 12. Rfe1 c5 13. Rac1 Rc8 14. Rc2 Qb6
15. Rec1 Rc6 16. cxd5 exd5 17. Ne5 Nxe5 18. dxe5 Nd7 19. Qxd5 Nxe5 20. Nc4 Nxc4
21. Qxc4 Rd8 22. h3 Qc7 23. Qe4 Re6 24. Qf3 b6 25. Bxg7 Kxg7 26. b4 Rc6 27. Qe2
a5 28. bxa5 bxa5 29. e4 Rd4 30. Qe3 Rcd6 31. g3 Qb7 32. Rc4 Rd1+ 33. Rxd1 Rxd1+
34. Kg2 f5 35. Rxc5 fxe4 36. Qc3+ Kh6 37. Rc7 Qd5 38. Qg7+ Kg5 39. Qe7+ Kf5 40.
Rc5 Qxc5 41. Qxc5+ Ke6 42. Qc4+ Ke5 43. Qc3+ Ke6 44. Qb3+ Kf5 45. Qxd1 Kf6 46.
g4 Kg5 47. Qd8+ Kh6 48. Qf6 a4 49. g5+ Kh5 50. Qf4 a3 51. Qg4# 1-0

[Event "DEM U10/U10w 2010"]
[Site "Oberhof GER"]
[Date "2010.05.24"]
[Round "4"]
[White "Spitzl, Vinzent"]
[Black "Stobbe, Frederik"]
[Result "1-0"]
[Termination "normal"]
[Board "22"]
[WhiteElo "1711"]
[BlackElo "1157"]
[PlyCount "55"]
[WhiteFideId "12901253"]
[EventCountry "GER"]
[EventRounds "11"]
[EventType "swiss"]
[EventDate "2010.05.22"]

1. d4 d5 2. c4 c6 3. Nc3 e6 4. Nf3 Nf6 5. cxd5 cxd5 6. Bg5 Bb4 7. Qa4+ Nc6 8.
Bxf6 Qxf6 9. Ne5 Qd8 10. Nxc6 Bxc3+ 11. bxc3 Bd7 12. Nxd8 Bxa4 13. Nxb7 O-O 14.
Nc5 Bb5 15. e3 Bxf1 16. Kxf1 Rfb8 17. Na4 Rb5 18. Ke2 Rab8 19. Kd3 Ra5 20. Rhb1
Rc8 21. Nc5 e5 22. a4 e4+ 23. Kc2 a6 24. Kb3 Rb8+ 25. Ka3 Rbb5 26. Rxb5 axb5
27. Rb1 Ra8 28. Rxb5 1-0

[Event "DEM U10/U10w 2010"]
[Site "Oberhof GER"]
[Date "2010.05.24"]
[Round "4"]
[White "Nguyen, Huy Dat"]
[Black "Halas, Julia"]
[Result "1/2-1/2"]
[Termination "normal"]
[Board "23"]
[WhiteElo "1363"]
[BlackElo "1091"]
[PlyCount "82"]
[WhiteFideId "12923486"]
[BlackFideId "12931810"]
[EventCountry "GER"]
[EventRounds "11"]
[EventType "swiss"]
[EventDate "2010.05.22"]

1. d4 d5 2. Nf3 Nf6 3. e3 Bf5 4. c4 e6 5. Qb3 Qc8 6. Nc3 c6 7. Be2 Bd6 8. O-O
O-O 9. Bd2 Nbd7 10. cxd5 exd5 11. Rac1 Re8 12. Nb5 Bc7 13. Nxc7 Qxc7 14. Qa3
Ne4 15. Bc3 Bg4 16. h3 Bh5 17. Rfe1 Bxf3 18. Bxf3 Ndf6 19. b4 a6 20. Bxe4 Nxe4
21. Qb3 Qd6 22. a4 b5 23. axb5 axb5 24. Ra1 Ra4 25. Rxa4 bxa4 26. Qb2 Ra8 27.
Ra1 Qc7 28. Be1 Nd6 29. Qc2 a3 30. f3 Nb5 31. Bd2 Qe7 32. Qxc6 Nc7 33. e4 dxe4
34. fxe4 Ra6 35. Qc2 h6 36. b5 Ra8 37. b6 Nb5 38. d5 Qe5 39. Ra2 Qd4+ 40. Kh1
Qxb6 41. Bb4 Nd4 1/2-1/2

[Event "DEM U10/U10w 2010"]
[Site "Oberhof GER"]
[Date "2010.05.24"]
[Round "4"]
[White "Kitze, Alexander"]
[Black "Wallat, Jessica"]
[Result "0-1"]
[Termination "normal"]
[Board "24"]
[WhiteElo "1323"]
[BlackElo "1045"]
[PlyCount "62"]
[WhiteFideId "12914827"]
[BlackFideId "12909637"]
[EventCountry "GER"]
[EventRounds "11"]
[EventType "swiss"]
[EventDate "2010.05.22"]

1. e4 e5 2. Nf3 Nc6 3. Bc4 Bc5 4. c3 Nf6 5. d3 d6 6. O-O Be6 7. Bb3 Qd7 8. Nbd2
O-O-O 9. Re1 h6 10. Nf1 g5 11. Ng3 g4 12. Nd2 h5 13. Nc4 h4 14. Ne2 Rhg8 15. d4
exd4 16. cxd4 Bb4 17. Rf1 Bxc4 18. Bxc4 Kb8 19. Qb3 Ba5 20. Bxf7 Rg7 21. Be6
Qe7 22. d5 Ne5 23. Be3 h3 24. Bxa7+ Kxa7 25. Qa4 Kb8 26. Qxa5 hxg2 27. Kxg2
Nxe4 28. Rac1 Qh4 29. Ng3 Qh3+ 30. Kg1 Nf3+ 31. Kh1 Qxh2# 0-1

[Event "DEM U10/U10w 2010"]
[Site "Oberhof GER"]
[Date "2010.05.24"]
[Round "4"]
[White "Hoffmann, Christoph"]
[Black "Renger, Niklas"]
[Result "0-1"]
[Termination "normal"]
[Board "25"]
[WhiteElo "1094"]
[BlackElo "1320"]
[PlyCount "76"]
[BlackFideId "12908096"]
[EventCountry "GER"]
[EventRounds "11"]
[EventType "swiss"]
[EventDate "2010.05.22"]

1. d4 d5 2. c4 e6 3. Nc3 Nf6 4. Bg5 Nbd7 5. a3 c6 6. Nf3 Bd6 7. e3 O-O 8. Bd3
h6 9. Bh4 Qc7 10. c5 Be7 11. Bg3 Qd8 12. O-O b6 13. b4 Bb7 14. Re1 b5 15. Bc2
a5 16. Qd3 a4 17. Ne5 Rc8 18. Bh4 g6 19. Nxg6 Kg7 20. Nxf8 Kxf8 21. f4 Ke8 22.
f5 e5 23. dxe5 Nxe5 24. Qd2 Kd7 25. e4 Qg8 26. Bg3 Nc4 27. Qxh6 Ng4 28. Qf4 Bg5
29. Qf3 Bd2 30. Red1 Nce5 31. Bxe5 Nxe5 32. Qg3 Qxg3 33. hxg3 Bxc3 34. Ra2 d4
35. Bb1 Nc4 36. Kf2 Rg8 37. Kf3 f6 38. Kf4 Ne5 0-1

[Event "DEM U10/U10w 2010"]
[Site "Oberhof GER"]
[Date "2010.05.24"]
[Round "4"]
[White "Müller, Sophie"]
[Black "Herbrig, Alexander"]
[Result "0-1"]
[Termination "normal"]
[Board "26"]
[WhiteElo "1102"]
[BlackElo "1270"]
[PlyCount "74"]
[WhiteFideId "12926698"]
[BlackFideId "12952044"]
[EventCountry "GER"]
[EventRounds "11"]
[EventType "swiss"]
[EventDate "2010.05.22"]

1. d4 d5 2. Bf4 Bf5 3. e3 c6 4. c4 e6 5. Nc3 Nf6 6. Qb3 Qc8 7. Nf3 Nbd7 8. Be2
Nb6 9. O-O Be7 10. Ne5 Bd8 11. c5 Nbd7 12. Rfe1 Bc7 13. Nxd7 Nxd7 14. Bxc7 Qxc7
15. Bf3 O-O 16. e4 Bg6 17. e5 Rab8 18. Rad1 b6 19. cxb6 Nxb6 20. Rc1 Nc4 21.
Qd1 Nxb2 22. Qd2 Nd3 23. a4 Nxe1 24. Qxe1 Qb6 25. Qd2 Rfc8 26. Ne2 c5 27. dxc5
Rxc5 28. Rxc5 Qxc5 29. h3 Rb1+ 30. Kh2 Qxf2 31. Qg5 h6 32. Qd8+ Kh7 33. Nf4
Qg1+ 34. Kg3 Qe1+ 35. Kh2 Qxe5 36. g3 Rb2+ 37. Ng2 Qe3 0-1

[Event "DEM U10/U10w 2010"]
[Site "Oberhof GER"]
[Date "2010.05.24"]
[Round "4"]
[White "Reuker, Jari"]
[Black "Grieb, Lukas"]
[Result "1-0"]
[Termination "normal"]
[Board "27"]
[WhiteElo "1237"]
[BlackElo "1007"]
[PlyCount "48"]
[WhiteFideId "12909300"]
[BlackFideId "1271993"]
[EventCountry "GER"]
[EventRounds "11"]
[EventType "swiss"]
[EventDate "2010.05.22"]

1. c4 c5 2. Nc3 Nc6 3. g3 e6 4. Bg2 Nf6 5. e4 Be7 6. Nge2 O-O 7. O-O b6 8. d4
Bb7 9. d5 Nd4 10. Nxd4 cxd4 11. Qxd4 Bc5 12. Qd3 Rc8 13. Bf4 Ba6 14. b3 Re8 15.
Rfe1 Ng4 16. Re2 Qf6 17. e5 Qd8 18. d6 h5 19. h3 Nh6 20. Rd1 Nf5 21. Ne4 Nd4
22. Ree1 b5 23. Nxc5 Rxc5 24. Qxd4 Rc8 1-0

[Event "DEM U10/U10w 2010"]
[Site "Oberhof GER"]
[Date "2010.05.24"]
[Round "4"]
[White "Lederer, Leia"]
[Black "Savchenko, Daniel"]
[Result "0-1"]
[Termination "normal"]
[Board "28"]
[WhiteElo "971"]
[BlackElo "1237"]
[PlyCount "20"]
[WhiteFideId "12926353"]
[BlackFideId "12919195"]
[EventCountry "GER"]
[EventRounds "11"]
[EventType "swiss"]
[EventDate "2010.05.22"]

1. e4 e5 2. Nf3 Nf6 3. Nxe5 d6 4. Nf3 Nxe4 5. d4 d5 6. Nc3 Bg4 7. Bd3 Nc6 8.
Be3 Bb4 9. h3 Nxc3 10. Bd2 Nxd1 0-1

[Event "DEM U10/U10w 2010"]
[Site "Oberhof GER"]
[Date "2010.05.24"]
[Round "4"]
[White "Dallinger, Moritz"]
[Black "Rockmann, Jan-Okke"]
[Result "0-1"]
[Termination "normal"]
[Board "29"]
[WhiteElo "1418"]
[BlackElo "1013"]
[PlyCount "52"]
[WhiteFideId "12910864"]
[BlackFideId "12942111"]
[EventCountry "GER"]
[EventRounds "11"]
[EventType "swiss"]
[EventDate "2010.05.22"]

1. e4 e5 2. Nf3 Nc6 3. Bc4 Nf6 4. Ng5 d5 5. exd5 Nxd5 6. Nxf7 Kxf7 7. Qf3+ Ke6
8. Nc3 Ncb4 9. a3 Nxc2+ 10. Kd1 Nxa1 11. Bxd5+ Kd7 12. Qf5+ Kd6 13. Qf3 c6 14.
Ba2 Kc7 15. b4 a5 16. b5 Qd4 17. h3 Bd7 18. Bb2 Kc8 19. Bxa1 Bxa3 20. Kc2 cxb5
21. Ne4 Qb6 22. Qxa3 Bf5 23. Qe7 Bxe4+ 24. d3 Qxf2+ 25. Kb3 Bd5+ 26. Ka3 Qxa2#
0-1

[Event "DEM U10/U10w 2010"]
[Site "Oberhof GER"]
[Date "2010.05.24"]
[Round "4"]
[White "Allin, Katharina"]
[Black "Riedel, Matthias"]
[Result "0-1"]
[Termination "normal"]
[Board "30"]
[WhiteElo "1059"]
[BlackElo "1366"]
[PlyCount "68"]
[WhiteFideId "12903779"]
[BlackFideId "1271820"]
[EventCountry "GER"]
[EventRounds "11"]
[EventType "swiss"]
[EventDate "2010.05.22"]

1. e4 e6 2. d4 d5 3. exd5 exd5 4. Nc3 Bb4 5. Bd2 Nf6 6. a3 Ba5 7. b4 Bb6 8. Nf3
Bg4 9. Bf4 Bxf3 10. gxf3 Nc6 11. Bb5 Qe7+ 12. Kf1 O-O 13. Be3 Qd7 14. Rg1 Qh3+
15. Rg2 a5 16. Bxc6 bxc6 17. b5 cxb5 18. Nxb5 c6 19. Nc3 Rab8 20. Bf4 Rb7 21.
Kg1 Nh5 22. Bh6 Kh8 23. Be3 Re8 24. Rb1 Ree7 25. Na4 Ba7 26. Rxb7 Rxb7 27. Nc3
f5 28. Qe2 f4 29. Bd2 Rb8 30. Qe7 Bxd4 31. Qd6 Rc8 32. Rg5 h6 33. Rg2 Qxf3 34.
Ne2 Qxe2 0-1

[Event "DEM U10/U10w 2010"]
[Site "Oberhof GER"]
[Date "2010.05.24"]
[Round "4"]
[White "Schröder, Janina"]
[Black "Kasel, Mario"]
[Result "0-1"]
[Termination "normal"]
[Board "31"]
[WhiteElo "1042"]
[BlackElo "1285"]
[PlyCount "86"]
[WhiteFideId "24693138"]
[BlackFideId "24660957"]
[EventCountry "GER"]
[EventRounds "11"]
[EventType "swiss"]
[EventDate "2010.05.22"]

1. e4 e5 2. Nf3 Nc6 3. Bb5 Bc5 4. O-O d6 5. h3 Nf6 6. Re1 O-O 7. c3 Bd7 8. Ba4
Re8 9. Bc2 d5 10. exd5 Nxd5 11. d4 exd4 12. Rxe8+ Qxe8 13. cxd4 Bb6 14. Nc3 Nf6
15. Bg5 Rd8 16. Bxf6 gxf6 17. Ne4 Qe7 18. Qd3 Bf5 19. Re1 Bg6 20. Nh4 f5 21.
Nc5 Qxe1+ 22. Kh2 Bxc5 23. Nxg6 fxg6 24. Qc4+ Kg7 25. Qxc5 Qxf2 26. Qc3 Qxd4
27. Qxd4+ Rxd4 28. Bb3 Rd2 29. Kg3 Rxb2 30. Kf3 Nd4+ 31. Ke3 Nxb3 32. axb3
Rxb3+ 33. Kd2 Rb2+ 34. Kc3 Rxg2 35. Kc4 f4 36. Kd3 a5 37. Ke4 a4 38. Kxf4 a3
39. Kf3 Rb2 40. Ke3 a2 41. Kd4 a1=Q 42. Kd5 Rd2+ 43. Ke6 Qf6# 0-1

[Event "DEM U10/U10w 2010"]
[Site "Oberhof GER"]
[Date "2010.05.24"]
[Round "4"]
[White "Riegel, Arinna"]
[Black "Neuwald, Johannes"]
[Result "1/2-1/2"]
[Termination "normal"]
[Board "32"]
[WhiteElo "1013"]
[BlackElo "1277"]
[PlyCount "56"]
[WhiteFideId "12931446"]
[EventCountry "GER"]
[EventRounds "11"]
[EventType "swiss"]
[EventDate "2010.05.22"]

1. Nf3 c5 2. d3 Nc6 3. g3 g6 4. Bg2 Bg7 5. O-O d5 6. h3 Nf6 7. Kh2 Qc7 8. c3
O-O 9. Qc2 b6 10. Bg5 Re8 11. Bxf6 Bxf6 12. Ne1 e6 13. Nf3 Bb7 14. Nbd2 Rac8
15. e4 dxe4 16. dxe4 Red8 17. a4 Ba6 18. Rfe1 Bg7 19. Ng1 Bb7 20. f4 Ne7 21.
Ngf3 Rd7 22. Nc4 Nc6 23. e5 Ne7 24. Nd6 Rcd8 25. Ng5 Bxg2 26. Kxg2 Rf8 27. Kh2
Nf5 28. Nb5 Qc6 1/2-1/2